| 000 -LEADER |
| fixed length control field |
00687cam a2200241 i 4500 |
| 001 - CONTROL NUMBER |
| control field |
338 |
| 003 - CONTROL NUMBER IDENTIFIER |
| control field |
BD-DhUAP |
| 005 - DATE AND TIME OF LATEST TRANSACTION |
| control field |
20210104124719.0 |
| 008 - FIXED-LENGTH DATA ELEMENTS--GENERAL INFORMATION |
| fixed length control field |
171115s2017 nyu j 000 0 eng |
| 010 ## - LIBRARY OF CONGRESS CONTROL NUMBER |
| LC control number |
2017478097 |
| 020 ## - INTERNATIONAL STANDARD BOOK NUMBER |
| International Standard Book Number |
8121915929 |
| 020 ## - INTERNATIONAL STANDARD BOOK NUMBER |
| International Standard Book Number |
8121915538 |
| 040 ## - CATALOGING SOURCE |
| Original cataloging agency |
DLC |
| Language of cataloging |
eng |
| Description conventions |
rda |
| Transcribing agency |
BD-DhUAP |
| Modifying agency |
BD-DhUAP |
| 042 ## - AUTHENTICATION CODE |
| Authentication code |
pcc |
| -- |
lcac |
| 082 00 - DEWEY DECIMAL CLASSIFICATION NUMBER |
| Classification number |
823 TAL |
| Edition number |
23 |
| 245 00 - TITLE STATEMENT |
| Title |
Tales from the Arabian nights / |
| Statement of responsibility, etc. |
abridged and simplified by S. E. Paces. |
| 264 #1 - PRODUCTION, PUBLICATION, DISTRIBUTION, MANUFACTURE, AND COPYRIGHT NOTICE |
| Place of production, publication, distribution, manufacture |
New Delhi : |
| Name of producer, publisher, distributor, manufacturer |
S. Chand & Co. Ltd., |
| Date of production, publication, distribution, manufacture, or copyright notice |
?. |
| 300 ## - PHYSICAL DESCRIPTION |
| Extent |
106 pages : |
| Other physical details |
illustrations ; |
| Dimensions |
19 cm |
| 500 ## - GENERAL NOTE |
| General note |
Great stories in easy English. |
| 650 ## - SUBJECT ADDED ENTRY--TOPICAL TERM |
| Topical term or geographic name entry element |
English fiction. |
| 700 ## - ADDED ENTRY--PERSONAL NAME |
| Personal name |
Paces, S. E. |
| 942 ## - ADDED ENTRY ELEMENTS (KOHA) |
| Source of classification or shelving scheme |
|
| Koha item type |
Book |